| 000 | 01505cam a22003137a 4500 | ||
|---|---|---|---|
| 001 | 2688 | ||
| 005 | 20240111133419.0 | ||
| 020 | _a9780545289368 | ||
| 040 |
_aBTCTA _beng _cBTCTA _dBKX _dZAC _dWL8 _dGO3 _dDLC |
||
| 050 | 0 | 0 |
_aPZ7.S86037 _b 2011 |
| 082 | 0 | 4 | _a813.54 |
| 100 | 1 | _aStine, R. L | |
| 245 | 1 | 4 |
_aThe five masks of Dr. Screem / _cR.L. Stine. |
| 250 | _aFirst Scholastic printing, July 2011 | ||
| 260 |
_aNew York : _bScholastic, _c2011 |
||
| 300 |
_a173 p.ages : _c20 cm. _billustration ; |
||
| 490 | 1 |
_aGoosebumps Hall of Horror ; _vBook 3 |
|
| 505 | _aG | ||
| 520 | _a"Monica Anderson thinks her biggest problem is taking her karate-chopping younger brother, Peter, trick-or-treating on Halloween. But she is wrong. After knocking on the door of an old, creepy house the kids are met by a strange woman pleading for their help. The evil Dr. Screem is after five horribly ugly ancient masks. These artifacts have the power to manipulate the world around them. Monica and Peter don't want to help, but they must retrieve the masks and defeat Screem. Unfortunately, nothing on Halloween is what it appears to be...." -- P. [4] of cover. | ||
| 521 | 0 |
_a400
_bLexile |
|
| 521 | 1 |
_aG
_bRaz-Plus |
|
| 650 | 0 |
_aBrothers and sisters _vJuvenile fiction. |
|
| 650 | 0 |
_aMasks _vJuvenile fiction. |
|
| 650 | 0 |
_aPhysicians _vJuvenile fiction. |
|
| 650 | 0 | _aParanormal fiction. | |
| 650 | 1 | _aHorror stories. | |
| 906 |
_a7 _bcbc _ccopycat _d2 _encip _f20 _gy-gencatlg |
||
| 942 |
_2ddc _cBK _n0 |
||
| 999 |
_c2688 _d2688 |
||